00305nam a22000977a 4500008004100000082001600041110003800057245007200095260003200167300000800199230623b xxu||||| |||| 00| 0 eng d a328.79bJRP bJoint Rules Committeec24-03-1999 aJoint Rules of ParliamentbAs approved by the Joint Rules Committee a2003bJoint Rules Committee a94p